000 01027nam a2200265Ia 4500
003 OSt
005 20221005110758.0
006 a|||||r|||| 00| 0
007 ta
008 221004b |||||||| |||| 00| 0 hin d
020 _a9788126714636 (hbk)
_c200
024 _a24410
037 _b7328, 07/01/2016, Rajkamal Prakashan Pvt. Ltd.
_cTextual
040 _aCRL
_cCRL
_bhin
041 _2hin
_ahin
082 _aO152:g, Q2
100 _aत्रिपाठी, राधावल्लभ
245 0 _aनया साहित्य नया साहित्यशास्त्र
246 _aNayā sāhitya nayā sāhityashāstra
260 _aनई दिल्ली
_bराजकमल प्रकाशन भारत
_c2012
300 _a142पृ0
_ccm.
650 _aहिन्दी साहित्य
942 _hO152:g, Q2
_cTEXL
_2cc
999 _c1019864
_d1019864